| 000 | 00554nam a22002177a 4500 | ||
|---|---|---|---|
| 003 | OSt | ||
| 005 | 20260513112419.0 | ||
| 008 | 260513b |||||||| |||| 00| 0 eng d | ||
| 020 | _a978-81-264-7707-4 | ||
| 040 | _cSBCL | ||
| 082 |
_a894.8123 _bMEE-S |
||
| 100 | _aMeera,K.R | ||
| 245 | _aSooryane Aninja Oru Sthree | ||
| 250 | _a21th ed. | ||
| 260 |
_aKottayam _bDC Books _c2025 |
||
| 300 | _a384p. | ||
| 630 | _xLiterature | ||
| 650 | _aLiteratures of other languages | ||
| 650 | _aAltaic, Uralic, Hyperborean & Dravidian | ||
| 942 | _cBOOK | ||
| 999 |
_c138149 _d138149 |
||